Rapatonpocipitopo /
Guardado en:
| Autor Principal: | |
|---|---|
| Otros Autores: | |
| Formato: | Libro |
| Publicado: |
Buenos Aires :
Colihue,
2013
|
| Series: | Los Morochitos / Laura Devetach y Gustavo Roldán
|
| Materias: | |
| Etiquetas: |
Agregar Etiqueta
Sin Etiquetas, Sea el primero en etiquetar este registro!
|
| LEADER | 00989nam a22002775a 4500 | ||
|---|---|---|---|
| 001 | CEM.cems015336 | ||
| 005 | 20191119155109.0 | ||
| 008 | 130507s2013##################000#0#####d | ||
| 003 | CEMS | ||
| 020 | |a 9789876849869 | ||
| 082 | 0 | 4 | |a A868.4 |
| 100 | 1 | |a Tallon, José Sebastián | |
| 245 | 1 | 0 | |a Rapatonpocipitopo / |c José Sebastián Tallon ; ilustrado Por Gustavo Roldan (h) |
| 260 | |a Buenos Aires : |b Colihue, |c 2013 | ||
| 300 | |a 12 p. | ||
| 490 | 0 | |a Los Morochitos / Laura Devetach y Gustavo Roldán | |
| 653 | |a Literatura | ||
| 653 | |a Literatura argentina | ||
| 653 | |a Literatura infantil | ||
| 653 | |a Poesía | ||
| 653 | |a Poesía infantil | ||
| 653 | |a Colección ciencias de la educación | ||
| 700 | 1 | |a Rodán, Gustavo (h); il. | |
| 859 | |a CEMS |b BIB. CEMS - Ccias. Educacion |h A868.4 |i T149-1 |k CE |p 28582.19 |t Ej.1 | ||
| 859 | |a CEMS |b BIB. CEMS - Ccias. Educacion |h A868.4 |i T149-1 |k CE |p 28763.19 |t Ej.2 | ||
| 859 | |a CEMS |b BIB. CEMS - Ccias. Educacion |h A868.4 |i T149-1 |k CE |p 28764.19 |t Ej.3 | ||
